| 000 | 01164cam a2200349 i 4500 | ||
|---|---|---|---|
| 001 | 200441078 | ||
| 999 |
_c200441078 _d59290 |
||
| 003 | TR-AnTOB | ||
| 005 | 20250502135548.0 | ||
| 007 | ta | ||
| 008 | 870218s1984 tu b f000 0 eng | ||
| 040 |
_aDLC _beng _erda _cDLC _dDLC _dTR-AnTOB |
||
| 041 | 0 | _aeng | |
| 043 |
_aa-tu--- _ae------ |
||
| 050 | 0 | 4 |
_aHD9016.T82 _bH35 1984 |
| 090 |
_aHD9016.T82 _bH35 1984 |
||
| 100 | 1 |
_aHale, William M. _eauthor _923269 |
|
| 245 | 1 | 0 |
_aTurkish agriculture and Community enlargement / _cWilliam M. Hale. |
| 264 | 1 |
_a[Ankara] : _bDPT, _c1984. |
|
| 300 |
_a37 pages ; _c24 cm |
||
| 336 |
_2rdacontent _atext _btxt |
||
| 337 |
_2rdamedia _aunmediated _bn |
||
| 338 |
_2rdacarrier _avolume _bnc |
||
| 490 | 0 |
_aYayın / Devlet Planlama Teşkilatı ; _vno. DPT 1949. AETB ; 12 |
|
| 500 | _a"Mart, 1984." | ||
| 504 | _aBIB | ||
| 610 | 0 |
_aEuropean Economic Community _zTurkey _917684 |
|
| 650 | 0 |
_aProduce trade _zTurkey _933787 |
|
| 653 |
_aExports--Turkey _aTurkey--Commerce--European Economic Community countries _aEuropean Economic Community countries--Commerce--Turkey |
||
| 942 |
_2lcc _cBK |
||